00604 2200217 4500001002100000005001700021006001900038008004100057020002200098035002500120090001900145100002300164245004700187260003800234700002900272990001700301990001700318990001700335990001700352990001700369INLIS00000000000845120140227104444.0a ||| | 180719| ||| |  a978-979-29-1599-0 a0010-081300000000088 a641.5975 GON b0 aSheila Gondowijoyo00aBack To The Kitchen Asian Anyone can cook! aYogyakartabC.V ANDI OFFSETc20100 aTheresia Arie Prabawanti a8617/PN/2013 a8617/PN/2013 a8974/PN/2013 a8974/PN/2013 a8617/PN/2013